Island populations /

Bibliographic Details
Main Author: Williamson, M. H. (Mark Herbert)
Format: Book
Language:English
Published: Oxford ; New York : Oxford University Press, 1981.
Series:Oxford science publications.
Subjects:

MARC

Tag First Indicator Second Indicator Subfields
LEADER 00000cam a2200000 a 4500
001 in00000077902
005 20151008055049.0
008 811221s1981 enka b 00110 eng
010 |a  80041507  
015 |a GB*** 
020 |a 0198541341 :  |c $49.00 (U.S.) 
035 |a (OCoLC)07729188 
035 |9 AAJ2452AM 
039 0 |a 2  |b 3  |c 3  |d 3  |e 3 
040 |a DLC  |c DLC  |d TXA  |d UtOrBLW 
049 |a TXAM  |c [951804] 
050 0 0 |a QH541.5.I8  |b W54 
082 0 |a 574.5/267  |2 19 
100 1 |a Williamson, M. H.  |q (Mark Herbert) 
245 1 0 |a Island populations /  |c Mark Williamson. 
264 1 |a Oxford ;  |a New York :  |b Oxford University Press,  |c 1981. 
300 |a xi, 286 pages :  |b illustrations, maps ;  |c 24 cm. 
336 |a text  |b txt  |2 rdacontent 
337 |a unmediated  |b n  |2 rdamedia 
338 |a volume  |b nc  |2 rdacarrier 
490 1 |a Oxford science publications 
500 |a Includes indexes. 
504 |a Bibliography: pages [251]-265. 
650 0 |a Island ecology. 
650 0 |a Population biology. 
830 0 |a Oxford science publications. 
999 |a MARS 
999 f f |s d284c514-719e-37e9-8fa4-78761b37a1c3  |i 2297368e-70c7-36ed-97cf-e9ac3c39a24f  |t 0 
952 f f |p ric  |a Texas A&M University  |b Rellis Campus  |c Joint Library Facility  |d Remote Storage  |t 0  |e QH541.5.I8 W54  |h Library of Congress classification  |i unmediated -- volume  |m A14806217678 
998 f f |a QH541.5.I8 W54  |t 0  |l Remote Storage